Statistics for States and Territories of Australia by Flag Maps

Click here to take the quiz!

General Stats

  • This quiz has been taken 53 times
  • The average score is 7 of 8

Answer Stats

Answer% Correct
Victoria
95%
Western Australia
93%
Queensland
88%
South Australia
88%
Tasmania
85%
Australian Capital Territory
83%
New South Wales
80%
Northern Territory
78%

Score Distribution

Percentile by Number Answered

Percent of People with Each Score

Your Score History

You have not taken this quiz